LEADER 03372nam 22006374a 450 001 9910484394903321 005 20200520144314.0 010 $a1-281-34477-X 010 $a9786611344771 010 $a88-470-0613-9 024 7 $a10.1007/978-88-470-0613-3 035 $a(CKB)1000000000283103 035 $a(EBL)372133 035 $a(OCoLC)184985144 035 $a(SSID)ssj0000705566 035 $a(PQKBManifestationID)11382975 035 $a(PQKBTitleCode)TC0000705566 035 $a(PQKBWorkID)10623521 035 $a(PQKB)10409257 035 $a(DE-He213)978-88-470-0613-3 035 $a(MiAaPQ)EBC372133 035 $a(PPN)123166675 035 $a(EXLCZ)991000000000283103 100 $a20071224d2007 uy 0 101 0 $aita 135 $aur|n|---||||| 181 $ctxt 182 $cc 183 $acr 200 13$aLa musica del Big Bang $ecome la radiazione cosmica di fondo ci ha svelato i segreti dell'universo /$fAmedeo Balbi 205 $a1st ed. 2007. 210 $aMilano $cSpringer $cSirio$dc2007 215 $a1 online resource (227 p.) 225 1 $aLe Stelle 300 $aIncludes index. 311 $a88-470-0612-0 327 $aLo Scenario -- Prima Luce -- Semi Cosmici -- Musica delle Sfere -- Armonia Svelata -- Terra Incognita -- Epilogo. 330 $aLa radiazione cosmica di fondo è il residuo del grande calore seguito al Big Bang. Un tenue segnale, vecchio di oltre 13 miliardi di anni, in cui si celano le risposte a molte delle domande sulla natura del nostro Universo. Scoperta casualmente nel 1964, negli ultimi quarant?anni questa traccia fossile delle origini del Cosmo è stata esplorata con ogni mezzo disponibile. Due premi Nobel per la fisica sono già stati assegnati per ricerche che la riguardano, l?ultimo nel 2006 per i risultati del satellite COBE. Molte delle informazioni codificate nella radiazione cosmica di fondo sono state impresse dal sovrapporsi di onde acustiche presenti nell?Universo primordiale: una "musica" del Big Bang, che i cosmologi hanno tentato per anni di ricostruire, usando tecniche analoghe a quelle che permettono di distinguere il suono di diversi strumenti musicali. Solo di recente le prime note di questa straordinaria sinfonia cosmica sono finalmente state svelate, ma l?indagine non è ancora finita. Questo libro illustra, con un linguaggio adatto anche al non specialista, le teorie, le osservazioni e le scoperte che hanno fatto entrare la cosmologia in una nuova era. Amedeo Balbi è ricercatore presso il Dipartimento di Fisica dell?Università di Roma Tor Vergata. In passato ha lavorato tra l?altro all?Università di Berkeley in California con George Smoot (premio Nobel 2006 per la fisica). Tra le sue attività attuali c?è la partecipazione alla missione spaziale Planck dell?ESA. 410 0$aStelle (Milan, Italy) 606 $aBig bang theory$vPopular works 606 $aBig bang 606 $aRayonnement cosmologique 606 $aCosmologie 615 0$aBig bang theory 615 6$aBig bang. 615 6$aRayonnement cosmologique. 615 6$aCosmologie. 676 $a523 700 $aBalbi$b Amedeo$0721494 801 0$bMiAaPQ 801 1$bMiAaPQ 801 2$bMiAaPQ 906 $aBOOK 912 $a9910484394903321 996 $aLa musica del Big Bang$92844040 997 $aUNINA LEADER 01575nam0 22003853i 450 001 PUV0284023 005 20251003044312.0 010 $a0262192977 100 $a20080214d1993 ||||0itac50 ba 101 | $aeng 102 $agb 181 1$6z01$ai $bxxxe 182 1$6z01$an 200 1 $aConcurrent constraint programming$fVijay A. Saraswat 210 $aCambridge (MA)$aLondon$cMit press$d1993 215 $aXL, 486 p.$d24 cm. 225 | $aMIT press series in logic programming 225 | $aACM doctoral dissertation awards 410 0$1001MIL0029051$12001 $aMIT press series in logic programming 410 0$1001MIL0132104$12001 $aACM doctoral dissertation awards 606 $aProgrammazione parallela$2FIR$3UFIC014060$9E 606 $aElaboratori elettronici$xProgrammazione$xLinguaggi$2FIR$3CFIC011611$9I 676 $a005.13$9LINGUAGGI DI PROGRAMMAZIONE$v14 676 $a005.131$9Linguaggi di programmazione. Logica simbolica (Logica matematica)$v22 696 $aTecnica di programmazione parallela 699 $aProgrammazione parallela$yTecnica di programmazione parallela 700 1$aSaraswat$b, Vijay A.$3RMSV016378$4070$0753169 801 3$aIT$bIT-000000$c20080214 850 $aIT-BN0095 901 $bNAP 01$cSALA DING $n$ 912 $aPUV0284023 950 0$aBiblioteca Centralizzata di Ateneo$c1 v.$d 01SALA DING 005.13 SAR.co$e 0102 0000003645 VMA A4 1 v.$fY $h19930913$i19930913 977 $a 01 996 $aConcurrent constraint programming$91515057 997 $aUNISANNIO LEADER 05059nam 22007335 450 001 9910254151303321 005 20200630212427.0 010 $a3-319-54145-5 024 7 $a10.1007/978-3-319-54145-7 035 $a(CKB)3710000001094973 035 $a(DE-He213)978-3-319-54145-7 035 $a(MiAaPQ)EBC4819687 035 $a(PPN)199768900 035 $a(EXLCZ)993710000001094973 100 $a20170307d2017 u| 0 101 0 $aeng 135 $aurnn|008mamaa 181 $ctxt$2rdacontent 182 $cc$2rdamedia 183 $acr$2rdacarrier 200 10$aApplications of Radiation Chemistry in the Fields of Industry, Biotechnology and Environment /$fedited by Margherita Venturi, Mila D?Angelantonio 205 $a1st ed. 2017. 210 1$aCham :$cSpringer International Publishing :$cImprint: Springer,$d2017. 215 $a1 online resource (IX, 297 p.) 225 1 $aTopics in Current Chemistry Collections,$x2367-4067 311 $a3-319-54144-7 320 $aIncludes bibliographical references at the end of each chapters. 327 $aRadiation Induced Degradation of Organic Pollutants in Waters and Wastewaters -- Electron Beam Technology for Environmental Pollution Control -- Radiation Grafting for the Functionalization and Development of Smart Polymeric Materials -- Radiation Engineering of Multifunctional Nanogels -- Chitosan-Based Matrices Prepared by Gamma Irradiation for Tissue Regeneration: Structural Properties vs. Preparation Method -- Application of Radiation Chemistry to Some Selected Technological Issues Related to the Development of Nuclear Energy -- Upgrading and Refining of Crude Oils and Petroleum Products by Ionizing Irradiation -- The Use of Gamma Radiation for the Treatment of Cultural Heritage in the Argentine National Atomic Energy Commission: Past, Present, and Future -- Electron Beam Technology and Other Irradiation Technology Applications in the Food Industry -- Applications of Accelerators and Radiation Sources in the Field of Space Research and Industry.<. 330 $aThe series Topics in Current Chemistry Collections presents critical reviews from the journal Topics in Current Chemistry organized in topical volumes. The scope of coverage is all areas of chemical science including the interfaces with related disciplines such as biology, medicine and materials science. The goal of each thematic volume is to give the non-specialist reader, whether in academia or industry, a comprehensive insight into an area where new research is emerging which is of interest to a larger scientific audience. Each review within the volume critically surveys one aspect of that topic and places it within the context of the volume as a whole. The most significant developments of the last 5 to 10 years are presented using selected examples to illustrate the principles discussed. The coverage is not intended to be an exhaustive summary of the field or include large quantities of data, but should rather be conceptual, concentrating on the methodological thinking that will allow the non-specialist reader to understand the information presented. Contributions also offer an outlook on potential future developments in the field. 410 0$aTopics in Current Chemistry Collections,$x2367-4067 606 $aNuclear chemistry 606 $aRadiation$xSafety measures 606 $aRadiation?Safety measures 606 $aChemical engineering 606 $aBiotechnology 606 $aMedical physics 606 $aRadiation 606 $aNuclear Chemistry$3https://scigraph.springernature.com/ontologies/product-market-codes/C31000 606 $aEffects of Radiation/Radiation Protection$3https://scigraph.springernature.com/ontologies/product-market-codes/U13003 606 $aIndustrial Chemistry/Chemical Engineering$3https://scigraph.springernature.com/ontologies/product-market-codes/C27000 606 $aBiotechnology$3https://scigraph.springernature.com/ontologies/product-market-codes/C12002 606 $aMedical and Radiation Physics$3https://scigraph.springernature.com/ontologies/product-market-codes/P27060 615 0$aNuclear chemistry. 615 0$aRadiation$xSafety measures. 615 0$aRadiation?Safety measures. 615 0$aChemical engineering. 615 0$aBiotechnology. 615 0$aMedical physics. 615 0$aRadiation. 615 14$aNuclear Chemistry. 615 24$aEffects of Radiation/Radiation Protection. 615 24$aIndustrial Chemistry/Chemical Engineering. 615 24$aBiotechnology. 615 24$aMedical and Radiation Physics. 676 $a541.38 702 $aVenturi$b Margherita$4edt$4http://id.loc.gov/vocabulary/relators/edt 702 $aD?Angelantonio$b Mila$4edt$4http://id.loc.gov/vocabulary/relators/edt 801 0$bMiAaPQ 801 1$bMiAaPQ 801 2$bMiAaPQ 906 $aBOOK 912 $a9910254151303321 996 $aApplications of Radiation Chemistry in the Fields of Industry, Biotechnology and Environment$91560498 997 $aUNINA LEADER 03321oas 2201165 a 450 001 9910141125103321 005 20251105213014.0 011 $a1572-9737 035 $a(DE-599)ZDB2015081-7 035 $a(DE-599)2015081-7 035 $a(OCoLC)45191300 035 $a(CONSER) 2004233376 035 $a(CKB)110974993510299 035 $a(EXLCZ)99110974993510299 100 $a20001018a20009999 sy a 101 0 $aeng 135 $aurmnu|||||||| 181 $ctxt$2rdacontent 182 $cc$2rdamedia 183 $acr$2rdacarrier 200 10$aConservation genetics 210 $a[Dordrecht] $cKluwer Academic Publishers$d©2000- 210 3 $a[Dordrecht] $cSpringer Netherlands 300 $aRefereed/Peer-reviewed 300 $aTitle from contents screen (publisher's Web site, viewed Mar. 4, 2004). 311 08$a1566-0621 606 $aConservation biology$vPeriodicals 606 $aEcological genetics$vPeriodicals 606 $aBiodiversity$vPeriodicals 606 $aPopulation genetics$vPeriodicals 606 $aNature conservation$vPeriodicals 606 $aBiologie de la conservation$vPe?riodiques 606 $aBiodiversite?$vPe?riodiques 606 $aGe?ne?tique des populations$vPe?riodiques 606 $aNature$xConservation$vPe?riodiques 606 $aBiodiversity$2fast$3(OCoLC)fst01429860 606 $aConservation biology$2fast$3(OCoLC)fst00875490 606 $aEcological genetics$2fast$3(OCoLC)fst00901452 606 $aNature conservation$2fast$3(OCoLC)fst01034632 606 $aPopulation genetics$2fast$3(OCoLC)fst01071583 606 $aGenetica$2gtt 606 $aBedreigde soorten$2gtt 606 $aConservació de la natura$2thub 606 $aBiodiversitat$2thub 606 $aGenètica de poblacions$2thub 608 $aPeriodicals.$2fast 608 $aPeriodicals.$2lcgft 608 $aRevistes electròniques.$2thub 615 0$aConservation biology 615 0$aEcological genetics 615 0$aBiodiversity 615 0$aPopulation genetics 615 0$aNature conservation 615 6$aBiologie de la conservation 615 6$aBiodiversite? 615 6$aGe?ne?tique des populations 615 6$aNature$xConservation 615 7$aBiodiversity. 615 7$aConservation biology. 615 7$aEcological genetics. 615 7$aNature conservation. 615 7$aPopulation genetics. 615 17$aGenetica. 615 17$aBedreigde soorten. 615 7$aConservació de la natura. 615 7$aBiodiversitat. 615 7$aGenètica de poblacions. 676 $a639.9 801 0$bFWA 801 1$bFWA 801 2$bOCLCQ 801 2$bGUA 801 2$bF#A 801 2$bAGL 801 2$bOCLCQ 801 2$bIUL 801 2$bGUA 801 2$bAZU 801 2$bOCLCQ 801 2$bTXA 801 2$bUKMGB 801 2$bOCLCQ 801 2$bOCLCF 801 2$bOCLCO 801 2$bOCLCQ 801 2$bDLC 801 2$bVT2 801 2$bUBY 801 2$bBWN 801 2$bQGK 801 2$bOCLCQ 801 2$bUAB 801 2$bYWS 801 2$bOCLCL 801 2$bRCE 801 2$bOCLCQ 906 $aJOURNAL 912 $a9910141125103321 996 $aConservation genetics$91428618 997 $aUNINA